Free inquiry
| Corporate Authors: | , |
|---|---|
| Format: | Electronic Journal |
| Language: | English |
| Published: |
Buffalo, N.Y. :
Council for Democratic and Secular Humanism,
©1980-
Amherst, N.Y. : Council for Secular Humanism Amherst, NY : Center for Inquiry in association with the Council for Secular Humanism |
| Subjects: | |
| Online Access: | Full text available from Research Library: 04/01/1994 to 06/30/2005 |
MARC
| LEADER | 00000nas a2200000 a 4500 | ||
|---|---|---|---|
| 001 | ssj0012564 | ||
| 003 | WaSeSS | ||
| 005 | 20200512172242.0 | ||
| 006 | m d | ||
| 007 | cr n | ||
| 008 | 800925c19819999nyubr p s 0 a0eng c | ||
| 010 | |a 81640447 |z sn 80013738 | ||
| 016 | 7 | |a 100971972 |2 DNLM | |
| 016 | 7 | |a 008536500 |2 Uk | |
| 022 | |l 0272-0701 |y 0272-0701 | ||
| 030 | |a FRINFM | ||
| 032 | |a 667050 |b USPS | ||
| 035 | |a (WaSeSS)ssj0012564 | ||
| 040 | |a NSD |b eng |c NSD |d DLC |d NST |d NSD |d NST |d AIP |d NSD |d NST |d AIP |d NST |d NSD |d NST |d EBZ |d NST |d NSD |d IUL |d CAS |d SYS |d WAU |d NLM |d OCLCQ |d CDS |d TJC |d NLGGC |d OCLCQ |d UKMGB |d OCLCQ |d OCLCF |d IIB |d CUS |d QE2 |d OCLCQ |d CSJ |d OCLCQ |d HTM |d ZQP |d OCLCO |d OCLCQ |d WaSeSS | ||
| 042 | |a pcc |a nsdp | ||
| 050 | 0 | 0 | |a BL2700 |b .F57a |
| 082 | 0 | 4 | |a 210 |
| 130 | 0 | |a Free inquiry (Buffalo, N.Y.) | |
| 210 | 0 | |a Free inq. |b (Buffalo) | |
| 222 | 0 | |a Free inquiry |b (Buffalo) | |
| 245 | 1 | 0 | |a Free inquiry |h [electronic resource]. |
| 246 | 1 | |i Issues for <fall 2001-> also have title: |a FI | |
| 260 | |3 1980-<1995> : |a Buffalo, N.Y. : |b Council for Democratic and Secular Humanism, |c ©1980- | ||
| 260 | 2 | |3 <1997>- : |a Amherst, N.Y. : |b Council for Secular Humanism | |
| 260 | 3 | |3 2015- : |a Amherst, NY : |b Center for Inquiry in association with the Council for Secular Humanism | |
| 310 | |a Bimonthly, |b Oct./Nov. 2003- | ||
| 321 | |a Quarterly | ||
| 362 | 1 | |a Vol. 1, no. 1 (winter 1980/81)- | |
| 500 | |a Title from caption. | ||
| 506 | |a License restrictions may limit access. | ||
| 515 | |a Vol. 1, no. 1 also called "Premier issue." | ||
| 588 | |a Latest issue consulted: Vol. 35, no. 3 (Apr./May 2015). | ||
| 650 | 0 | |a Secularism |v Periodicals. | |
| 650 | 0 | |a Rationalism |v Periodicals. | |
| 650 | 7 | |a Rationalism. |2 fast |0 (OCoLC)fst01090275 | |
| 650 | 7 | |a Secularism. |2 fast |0 (OCoLC)fst01110732 | |
| 650 | 1 | 7 | |a Godsdienstvrijheid. |2 gtt |
| 650 | 1 | 7 | |a Humanisme (levensbeschouwing) |2 gtt |
| 650 | 1 | 7 | |a Vrijdenkerij. |2 gtt |
| 655 | 0 | |a Electronic journals. | |
| 710 | 2 | |a Council for Democratic and Secular Humanism (Buffalo, N.Y.) | |
| 710 | 2 | |a Council for Secular Humanism. | |
| 770 | 0 | |t Secular humanist bulletin |x 1063-2611 |w (DLC)sn 85066076 |w (OCoLC)12037149 | |
| 850 | |a AAP |a AzU |a C |a CLSU |a CSt |a CU |a CU-S |a CecuaBVaS |a CoFS |a CtNlC |a CtY |a DGW |a DLC |a ICIU |a ICarbS |a IaAS |a IaU |a InU |a KU-S |a MBU |a MCM |a MChB |a MH |a MH-AtH |a MdU |a MiD |a MiU |a MsSM |a N |a NIC |a NN |a NNC |a NNStJ |a NSyU |a NcD |a NcRS |a NjP |a S OCU |a PPT |a RPBla-S |a TxDaM |a ULA |a UU |a WM |a WaU |a WvU | ||
| 853 | 0 | 3 | |8 1 |a v. |b no. |i (year) |j (season) |
| 853 | 2 | 0 | |8 2 |a v. |b no. |u 6 |v r |i (year) |j (month/month) |w b |x 04/05 |
| 856 | 4 | 0 | |z Full text available from Research Library: 04/01/1994 to 06/30/2005 |u https://search.proquest.com/publication/37591 |
| 863 | 4 | 0 | |8 1 |a <1>- |i <1981>- |x provisional |
| 863 | 4 | 1 | |8 2.1 |a <23> |b <4> |i <2003> |j <10/11> |